[Event "FRA-ch Blitz Online Qual"]
[Site "Europe Echecs INT"]
[Date "2020.05.16"]
[Round "11"]
[White "Ninin, Gabriel"]
[Black "Varin, Timeo"]
[Result "1/2-1/2"]
[WhiteElo "1426"]
[BlackElo "1287"]
[PlyCount "119"]
[EventDate "2020.05.16"]
[EventType "swiss (blitz)"]
[EventRounds "15"]
[EventCountry "FRA"]
[SourceTitle "CBM 196 Extra"]
[Source "ChessBase"]
[SourceDate "2020.07.31"]
[SourceVersion "1"]
[SourceVersionDate "2020.07.31"]
[SourceQuality "1"]

1. e4 e5 2. Nf3 Nc6 3. Bb5 a6 4. Ba4 Nf6 5. 0-0 Nxe4 6. Re1 Nc5 7. Bxc6 dxc6 8. Rxe5+ Be7 9. d4 Ne6 10. Nc3 Bf6 11. Re1 0-0 12. Ne2 Re8 13. c3 Nf8 14. Ng3 Ng6 15. Bd2 Bg4 16. Rxe8+ Qxe8 17. h3 Bd7 18. Qe1 Qxe1+ 19. Rxe1 Re8 20. Rxe8+ Bxe8 21. Ne4 Bd8 22. Nc5 b6 23. Nxa6 Bd7 24. Bg5 f6 25. Bh4 Bf5 26. Bg3 Bb1 27. a3 Bd3 28. Nxc7 Bc4 29. Nd2 Bf7 30. Na6 Ne7 31. Nb4 Nd5 32. Nxd5 Bxd5 33. Kf1 Kf7 34. f3 Kg6 35. Ke2 Kf5 36. b3 b5 37. c4 bxc4 38. bxc4 Be6 39. Kd3 Ba5 40. Nb3 Bb6 41. c5 Bd8 42. a4 Bxb3 43. a5 Bxa5 44. Bb8 g5 45. Ke3 h5 46. g3 Bc4 47. g4+ hxg4 48. hxg4+ Kg6 49. Bd6 Bd5 50. Be7 Bc3 51. Bd8 Bb2 52. Bb6 Bc1+ 53. Ke2 f5 54. gxf5+ Kxf5 55. Bc7 Bb2 56. Be5 Bc3 57. Bh8 Bb2 58. Be5 Ba1 59. Bh8 Bb2 60. Be5 1/2-1/2

[Event "FRA-ch Blitz Online Qual"]
[Site "Europe Echecs INT"]
[Date "2020.05.16"]
[Round "1"]
[White "Varin, Timeo"]
[Black "Dimey, Cyrille"]
[Result "1-0"]
[WhiteElo "1287"]
[BlackElo "1871"]
[PlyCount "67"]
[EventDate "2020.05.16"]
[EventType "swiss (blitz)"]
[EventRounds "15"]
[EventCountry "FRA"]
[SourceTitle "CBM 196 Extra"]
[Source "ChessBase"]
[SourceDate "2020.07.31"]
[SourceVersion "1"]
[SourceVersionDate "2020.07.31"]
[SourceQuality "1"]

1. e4 e6 2. d4 d5 3. Nd2 Be7 4. Ne2 Nf6 5. e5 Nfd7 6. Nf3 c5 7. c3 Nc6 8. Be3 0-0 9. g3 f6 10. Nf4 Ndb8 11. Bg2 fxe5 12. dxe5 Qb6 13. Qd2 Rd8 14. Rd1 d4 15. cxd4 cxd4 16. Nxd4 Bb4 17. Ndxe6 Bxd2+ 18. Rxd2 Qa5 19. Nxd8 Nxd8 20. 0-0 Nbc6 21. Rfd1 Bg4 22. f3 Bf5 23. g4 Bg6 24. e6 Qc7 25. Rd7 Qa5 26. Nxg6 hxg6 27. e7 Nxe7 28. Rxe7 Qxa2 29. Rdd7 Qa1+ 30. Bf1 Qxb2 31. Bd4 Qb3 32. Rxg7+ Kf8 33. Rh7 Ne6 34. Rh8# 1-0

[Event "FRA-ch Blitz Online Qual"]
[Site "Europe Echecs INT"]
[Date "2020.05.16"]
[Round "5"]
[White "Varin, Timeo"]
[Black "Muller, Patrick"]
[Result "1-0"]
[WhiteElo "1287"]
[BlackElo "1582"]
[PlyCount "21"]
[EventDate "2020.05.16"]
[EventType "swiss (blitz)"]
[EventRounds "15"]
[EventCountry "FRA"]
[SourceTitle "CBM 196 Extra"]
[Source "ChessBase"]
[SourceDate "2020.07.31"]
[SourceVersion "1"]
[SourceVersionDate "2020.07.31"]
[SourceQuality "1"]

1. e4 e5 2. Nf3 Nc6 3. Bc4 d6 4. d4 Bg4 5. d5 Nd4 6. Nbd2 b5 7. Bd3 Qf6 8. c3 Nxf3+ 9. Nxf3 Bxf3 10. Qxf3 Qf5 11. exf5 1-0

[Event "FRA-ch Blitz Online Qual"]
[Site "Europe Echecs INT"]
[Date "2020.05.16"]
[Round "7"]
[White "Zniber, Reda"]
[Black "Varin, Timeo"]
[Result "1-0"]
[WhiteElo "1986"]
[BlackElo "1287"]
[PlyCount "87"]
[EventDate "2020.05.16"]
[EventType "swiss (blitz)"]
[EventRounds "15"]
[EventCountry "FRA"]
[SourceTitle "CBM 196 Extra"]
[Source "ChessBase"]
[SourceDate "2020.07.31"]
[SourceVersion "1"]
[SourceVersionDate "2020.07.31"]
[SourceQuality "1"]

1. c4 e5 2. g3 Nc6 3. Bg2 f5 4. Nc3 Nf6 5. d3 Bb4 6. Bd2 d6 7. e3 0-0 8. Nge2 Qe8 9. a3 Bxc3 10. Nxc3 Qh5 11. Qxh5 Nxh5 12. Nd5 Rf7 13. 0-0 Ne7 14. Nc3 f4 15. exf4 exf4 16. Be4 f3 17. Nd5 Nxd5 18. Bxd5 Bg4 19. Rfe1 Raf8 20. Re7 Nf6 21. Bxf7+ Rxf7 22. Rae1 Kf8 23. Rxf7+ Kxf7 24. Bc3 Bh3 25. Bxf6 gxf6 26. b4 Bg2 27. h4 c6 28. Kh2 f5 29. d4 b6 30. a4 a6 31. a5 b5 32. cxb5 cxb5 33. Rc1 Ke6 34. Rc6 Kd5 35. Rxa6 Kxd4 36. Rxd6+ Kc4 37. a6 Kxb4 38. a7 Kc4 39. a8Q b4 40. Qc6+ Kb3 41. Rd3+ Ka2 42. Qa4+ Kb2 43. Rd2+ Kc3 44. Qc2# 1-0